Music Quiz

Random Music or Missing Word Quiz

Find More Missing Fauna in Songs Quiz Stats

Quiz Updated Jan 2, 2018

Challenge
Share
Tweet
Score 0/20 Timer 04:00
31 Plays Today
% Correct
Mary Had a Little LAMB
95.4%
See You Later ALLIGATOR
93.2%
BAT out of Hell
90.5%
Three Little PIGS
88.5%
Grandma Got Run Over
by a REINDEER
83.7%
Who's Gonna Ride
Your Wild HORSES
82.7%
Who Let the DOGS Out
82.2%
Iron LION Zion
80.7%
PUPPY Love
79.1%
DEER in the Headlights
76.8%
% Correct
Disco DUCK
72.2%
Little Red ROOSTER
72.2%
White RABBIT
69%
Shock the MONKEY
64.8%
Tonight I'm Playing POSSUM
61.3%
Phenomenal CAT
59.7%
BUFFALO Stance
55.2%
TIGER Feet
53.6%
BULLS on Parade
51.2%
Of WOLF and Man
44.6%

You're not logged in!

Compare scores with friends on all Sporcle quizzes.
Sign Up with Email
OR
Log In

You Might Also Like...

Show Comments

Extras

Top Quizzes Today


Score Distribution

Your Account Isn't Verified!

In order to create a playlist on Sporcle, you need to verify the email address you used during registration. Go to your Sporcle Settings to finish the process.